| 000 | 00590nam a22002177a 4500 | ||
|---|---|---|---|
| 999 |
_c7992 _d7992 |
||
| 003 | OSt | ||
| 005 | 20220822111024.0 | ||
| 008 | 220822b ||||| |||| 00| 0 eng d | ||
| 020 | _a0521676355 | ||
| 040 | _cNLM | ||
| 082 |
_aWN100 _bB22r 2006 |
||
| 100 |
_aBanerjee, Arpan K _911165 |
||
| 245 | _aRadiology made easy | ||
| 250 | _a2nd ed | ||
| 260 |
_a New York : _b Cambridge University Press, _cc2006 |
||
| 300 |
_axx, 178 p. : _b ill. ; _c 23 cm |
||
| 504 | _aIncludes index. | ||
| 650 |
_aMedical radiology. _916224 |
||
| 650 |
_aRadiography -- methods. _916225 |
||
| 942 |
_2z _cBOOK |
||